00586 2200193 4500001002100000005001500021035002000036007000300056008004100059020001800100082001000118084001600128100001500144245011800159250001100277260003000288300004700318650002700365INLIS00000000000059620221122110017 a0010-1122000190ta221122 g 0 ind  a979-395-502-3 aR 413 aR 413 DES k0 aDesy Anwar1 aKamus Lengkap Bahasa Indonesia :bDilengkapi Pedoman Umum Ejaan Bahasa Indonesia yang Disempurnakan /cDesy Anwar aCet. I aSurabaya :bAmelia,c2015 a640 halaman :bilustrasi berwarna ;c20 cm 4aKamus Bahasa Indonesia